000 00648nam a2200193 i 4500
001 44988
003 ES-MaACL
005 20260617125144.0
007 t|
008 030324s1958 ag ||||1| spa d
100 _aClaudel, Paul,
_d1868-1955
_9239252
245 1 0 _aMemorias improvisadas /
_cPaul Claudel ; recogidas por Jean Amrouche ; [traducción de Alejandro Ruiz Guiñazu].
260 _aBuenos aires :
_bEmecé,
_c[1958] (
_fCompañía Impresora Argentina)
300 _a373 p. ;
_c21 cm.
700 1 _aAmrouche, Jean.
_921342
700 1 _aRuiz Guiñazu, Alejandro.
_9100828
852 _aES-MaACL
_jC-16478
_bR.44685
999 _c44988
_d44988